00686nam a2200241 a 4500001001300000003000900013005001700022008004100039020001000080082001300090100002400103245002000127260003900147300000900186500003500195505002400230650002000254700002400274902000800298942000700306952011400313999001700427nice12345678IN_TiNIC20260116013403.0050524s1987 dela grp 000 0 eng  ac51000a823bMAS aMasroor, Mehr Nigar aShadows of Time aDelhibChanakya Publicationsc1987 a283p aincludes index and biblioraphy2 areference and notes aEnglish-Fiction1 aMasroor, Mehr Nigar bSRS cBK 001040708StackRoom-aHMIbHMId2007-06-15g510.00l0o823 MASp018270r2007-06-15v510.00w2005-05-24yBK c10809d10809